Normal view
MARC view
- Saeed, Aniqa
Entry Personal Name
001 - CONTROL NUMBER
- control field: 119746
003 - CONTROL NUMBER IDENTIFIER
- control field: NUST
005 - DATE AND TIME OF LATEST TRANSACTION
- control field: 20231213165242.0
008 - FIXED-LENGTH DATA ELEMENTS
- fixed length control field: 231213|| aca||aabn | a|a d
040 ## - CATALOGING SOURCE
- Original cataloging agency: NUST
- Transcribing agency: NUST
100 ## - HEADING--PERSONAL NAME
- Personal name: Saeed, Aniqa
670 ## - SOURCE DATA FOUND
- Source citation: Work cat.: (NUST): Saeed, Aniqa , Multimodal Segmentation of Brain tumor using BraTS dataset 2020 /
